UITU Library & LRC     

Digital Audio and Compact Disk Technic (Record no. 2764)

MARC details
000 -LEADER
fixed length control field 00469nam a2200181Ia 4500
008 - FIXED-LENGTH DATA ELEMENTS--GENERAL INFORMATION
fixed length control field 240925s9999 xx 000 0 und d
020 ## - INTERNATIONAL STANDARD BOOK NUMBER
International Standard Book Number NA
082 ## - DEWEY DECIMAL CLASSIFICATION NUMBER
Classification number 006.5 BAE
100 ## - MAIN ENTRY--PERSONAL NAME
Personal name Baert, Luc.
245 #0 - TITLE STATEMENT
Title Digital Audio and Compact Disk Technic
250 ## - EDITION STATEMENT
Edition statement 3rd
260 ## - PUBLICATION, DISTRIBUTION, ETC.
Place of publication, distribution, etc. NA
Name of publisher, distributor, etc. Not Available
Date of publication, distribution, etc. NA
300 ## - PHYSICAL DESCRIPTION
Extent 0
Other physical details NA
Type of unit Original
500 ## - GENERAL NOTE
General note Includes Index
600 ## - SUBJECT ADDED ENTRY--PERSONAL NAME
Personal name Computer Science
650 ## - SUBJECT ADDED ENTRY--TOPICAL TERM
Topical term or geographic name entry element Computer science, information & general works
942 ## - ADDED ENTRY ELEMENTS (KOHA)
Koha item type Books
Holdings
Withdrawn status Lost status Damaged status Not for loan Collection Home library Current library Date acquired Source of acquisition Cost, normal purchase price Total checkouts Full call number Barcode Date last seen Price effective from Koha item type
Write Off Missing     Computer Science UITU Library UITU Library 04/18/1995 Royal Book Company 1104.05   006.5 BAE Q0265 09/25/2024 09/25/2024 Books

Powered by Koha